Statistics for Celebrity Mugshots Quiz #2

Click here to take the quiz!

General Stats

  • This quiz has been taken 81,389 times
    (12,288 since last reset)
  • The average score is 10 of 16

Answer Stats

Answer % Correct
Michael Jackson
97%
Justin Bieber
95%
O.J. Simpson
85%
Lindsay Lohan
82%
Mel Gibson
76%
David Bowie
76%
Andre the Giant
65%
Hugh Grant
64%
Lil Wayne
57%
Jimi Hendrix
54%
Woody Harrelson
49%
Vanilla Ice
45%
Nicki Minaj
45%
Kid Rock
39%
Ozzy Osbourne
37%
Nick Nolte
35%

Score Distribution

Percentile by Number Answered

Percent of People with Each Score

Your Score History

You have not taken this quiz since the last reset